header

Inside her pretty little head (Record no. 143077)

MARC details
000 -LEADER
fixed length control field 01285nam a2200325Ia 4500
082 04 - DEWEY DECIMAL CLASSIFICATION NUMBER
Classification number 658.80082
100 1# - MAIN ENTRY--AUTHOR NAME
Personal name Cunningham, Jane,
245 10 - TITLE STATEMENT
Title Inside her pretty little head
260 ## - PUBLICATION, DISTRIBUTION, ETC. (IMPRINT)
Place of publication London :
Name of publisher Cyan,
Year of publication 2006.
300 ## - PHYSICAL DESCRIPTION
Number of Pages 247 p. :
Other physical details ill.
650 #0 - SUBJECT ADDED ENTRY--TOPICAL TERM
Topical Term Marketing.
Topical Term Brand name products.
Topical Term Women consumers.
700 1# - ADDED ENTRY--PERSONAL NAME
Personal name Roberts, Philippa,
856 40 - ELECTRONIC LOCATION AND ACCESS
Uniform Resource Identifier http://site.ebrary.com/lib/rucke/Doc?id=10424355

No items available.

© 2026 Rongo University
Contact us: librarian | system librarian | Rongo university